Primary design and technology : a process for learning

Αποθηκεύτηκε σε:
Λεπτομέρειες βιβλιογραφικής εγγραφής
Κύριος συγγραφέας: Ritchie, Ron 1952-
Μορφή: Βιβλίο
Γλώσσα:English
Δημοσίευση: London : David Fulton, 1998
Σειρά:Primary curriculum series
Θέματα:
Ετικέτες: Προσθήκη ετικέτας
Δεν υπάρχουν, Καταχωρήστε ετικέτα πρώτοι!

MARC

LEADER 00000nam a2200000 i 4500
001 1/99773
008 000128s1998 eng d
020 |a 1-85346-340-X 
035 |l 10057014 
040 |a GR-MY-UA  |b gre  |e aacr 
041 0 |a eng 
082 0 |a 372.358 
100 1 |a Ritchie, Ron  |d 1952- 
245 1 0 |a Primary design and technology :  |b a process for learning /  |c Ron Ritchie 
260 |a London :   |b David Fulton,   |c 1998 
300 |a 208 p. 
490 1 |a Primary curriculum series 
650 0 0 |a Industrial design  |x Study and teaching (Elementary)  |z Great Britain. 
650 0 0 |a Handicraft  |x Study and teaching (Elementary)  |z Great Britain. 
650 0 0 |a Technology  |x Study and teaching (Elementary)  |z Great Britain. 
830 0 |a Primary curriculum series 
852 |a INST  |b RHODES  |e 20000128  |h 372.358 RIT  |p 005400014153  |q 005400014153  |t BK  |y 0 
901 |a BIBL4-2000-1 
909 |a Ρ  |b 070458 
922 |a 4ΕΛΗ  |b 199911  |c ΚΠΣ/154  |d GLORY BOOKS 
970 |a ΚΟΥΛΑΚΙΟΤΗ  |b ΛΙΤΣΑ  |z 2000/01/28